000 00608nam a2200181 i 4500
001 74428
003 ES-MaACL
005 20250816063131.0
007 t|
008 040920s1973 sp ||||1| spa d
100 1 _aGonzález Martín, Marcelo,
_d1918-2004
_9140601
245 1 0 _aCarta pastoral
_b: un seminario nuevo y libre : ¿más sacerdotes o más seglares? /
_cMarcelo González Martín.
260 _aToledo :
_b[s.n.,
_c1973] (
_fImp. Serrano)
300 _a95 p. ;
_c21 cm.
650 0 4 _aSacerdotes-
_xEducación.
_916960
852 _aES-MaACL
_jC-55120
_bR.88031
999 _c74428
_d74428